Empleo del análisis decisorio en problemas de inversión (Registro nro. 17346)
[ vista simple ]
| 000 -LEADER | |
|---|---|
| fixed length control field | 00377 a2200121 4500 |
| 001 - CONTROL NUMBER | |
| control field | ART_2377 |
| 005 - DATE AND TIME OF LATEST TRANSACTION | |
| control field | 20260410161725.0 |
| 008 - FIXED-LENGTH DATA ELEMENTS--GENERAL INFORMATION | |
| fixed length control field | 260409a |
| 100 1# - MAIN ENTRY--PERSONAL NAME | |
| Personal name | Hax, Arnaldo C. |
| 245 10 - TITLE STATEMENT | |
| Title | Empleo del análisis decisorio en problemas de inversión |
| 700 1# - ADDED ENTRY--PERSONAL NAME | |
| Personal name | Wllg, Karl M. |
| 773 0# - HOST ITEM ENTRY | |
| Title | Administración de empresas |
| Related parts | - Año 7, Nº 80 (nov. 1976) |
| Record control number | REV2036 |
No hay ítems disponibles.